000 01005nam a2200229Ii 4500
003 JO-AjNU
008 230605s9999||||xx |||||||||||||| ||und||
017 _a2009/4/2156
020 _a978-9957-455-75-0
040 _aJO-AjNU
_bara
_erda
_cJO-AjNU
041 _aara
050 1 4 _aPJ 7538 .I23 2009
100 3 _aجمع وتقديم الروسان، محمد أحمد، م.مشارك إالهام أحمد الكركي، م.مشارك سمير سعيد اليوسف,
_eauthor
_921626
245 0 0 _aإبداعات طلابية، الجزء الاول
250 _aط1
264 3 1 _aعمان: دار ورد للنشر والتوزيع، 2009
300 _aج1، 207ص
_bطبع بدعم من جسور الورد الثقافية
336 _atext
_btxt
_2rdacontent
337 _aunmediated
_bn
_2rdamedia
338 _avolume
_bnc
_2rdacarrier
650 4 _aالادب العربي - القرن 20 - مقالات وقصص وشعر - طلاب جامعة اليرموك - الاردن - اربد
_921627
999 _aA7544
_c11112
_d11112